[Event "VIE-ch (Women)"]
[Site "Hanoi"]
[Date "2024.03.15"]
[Round "7"]
[White "Nguyen, Thi Phuong Uyen"]
[Black "Nguyen, Hong Ha My"]
[Result "1/2-1/2"]
[WhiteElo "1477"]
[BlackElo "1579"]
[PlyCount "79"]
[EventDate "2024.03.11"]
[EventType "swiss"]
[EventRounds "9"]
[EventCountry "VIE"]
[SourceTitle "CB13_2024"]
[SourceDate "2024.03.27"]
[SourceVersion "1"]
[SourceVersionDate "2024.03.27"]
[SourceQuality "1"]

1. e4 e6 2. d4 d5 3. exd5 exd5 4. Nf3 Nf6 5. Bd3 c5 6. c3 Nc6 7. h3 cxd4 8. cxd4 Be7 9. Nc3 0-0 10. 0-0 Be6 11. Be3 h6 12. Qd2 Qd7 13. Rac1 Rac8 14. Rfe1 Rfe8 15. Bf4 Nh5 16. Be3 Nf6 17. Ne5 Qd8 18. Nxc6 bxc6 19. Na4 Bd6 20. Nc5 Rb8 21. b3 Nd7 22. Nxe6 Rxe6 23. Qc2 Bf8 24. Bf4 Rxe1+ 25. Rxe1 Rb6 26. Qe2 c5 27. Be3 cxd4 28. Bxd4 Re6 29. Qd2 Rxe1+ 30. Qxe1 Bc5 31. Bxc5 Nxc5 32. Qc3 Nxd3 33. Qxd3 Qa5 34. Kh2 Qc7+ 35. g3 Kf8 36. Qxd5 Qb6 37. Kg2 g5 38. Qe4 Kg7 39. Qe5+ Kg8 40. Qe4 1/2-1/2

[Event "VIE-ch (Women)"]
[Site "Hanoi"]
[Date "2024.03.11"]
[Round "1"]
[White "Dao, Thien Kim"]
[Black "Nguyen, Thi Phuong Uyen"]
[Result "1-0"]
[WhiteElo "1822"]
[BlackElo "1477"]
[PlyCount "95"]
[EventDate "2024.03.11"]
[EventType "swiss"]
[EventRounds "9"]
[EventCountry "VIE"]
[SourceTitle "CB13_2024"]
[SourceDate "2024.03.27"]
[SourceVersion "1"]
[SourceVersionDate "2024.03.27"]
[SourceQuality "1"]

1. d4 Nf6 2. c4 e6 3. Nc3 d5 4. Nf3 Be7 5. Bf4 c6 6. e3 Nbd7 7. Bd3 0-0 8. a3 b6 9. cxd5 exd5 10. 0-0 Bb7 11. Rc1 Re8 12. h3 Nf8 13. Ne5 N6d7 14. Ne2 Nxe5 15. Bxe5 Ng6 16. Bh2 Bd6 17. Bxd6 Qxd6 18. Ng3 Red8 19. Rc3 Ne7 20. Qh5 h6 21. Rfc1 Rac8 22. h4 c5 23. Qg4 c4 24. Bb1 Kh8 25. h5 Rc7 26. Qe2 Bc8 27. Qc2 f5 28. Ne2 a5 29. a4 Qb4 30. g4 Bd7 31. Ra3 Rf8 32. Nf4 Qd6 33. Rc3 Qf6 34. Kg2 Qc6 35. Ra3 Qd6 36. Rg1 Rfc8 37. Kh1 Qf6 38. Rg3 Kg8 39. gxf5 Bxf5 40. Qc1 Bxb1 41. Qxb1 c3 42. bxc3 Rxc3 43. Rxc3 Rxc3 44. Kg2 Rc4 45. Qb5 Qc6 46. Ng6 Qc7 47. Qe8+ Kh7 48. Qh8# 1-0